| 000 | 01053cam a2200313 i 4500 | ||
|---|---|---|---|
| 999 |
_c42964 _d42964 |
||
| 001 | 4647164 | ||
| 005 | 20180831013106.0 | ||
| 008 | 801002t19791970ilua b 001 0beng | ||
| 010 | _a 79067152 | ||
| 020 |
_a0891071687 _c$19.95 |
||
| 020 |
_a0891071679 _c$19.95 |
||
| 040 |
_aDLC _cDLC _dDLC |
||
| 082 | 0 | 0 |
_a269/.2/0924 _aB _219 |
| 100 | 1 | _aDallimore, Arnold A. | |
| 245 | 1 | 0 |
_aGeorge Whitefield, the life and times of the great evangelist of the eighteenth-century revival / _cArnold A. Dallimore. |
| 260 |
_aWestchester, Ill. : _bCornerstone Books, _cc1979. |
||
| 300 |
_a2 v. : _bill. ; _c23 cm. |
||
| 336 | _atext | ||
| 337 | _aunmediated | ||
| 338 | _avolume | ||
| 500 | _aIncludes index. | ||
| 504 | _aBibliography: p. v. 2,p. 571-579. | ||
| 600 | 1 | 0 |
_aWhitefield, George, _d1714-1770. |
| 650 | 0 |
_aRevivals _zGreat Britain _xHistory _y18th century. |
|
| 650 | 0 |
_aPresbyterian Church _xClergy _xBiography. |
|
| 650 | 0 |
_aClergy _zGreat Britain _xBiography. |
|
| 651 | 0 |
_aGreat Britain _xChurch history _y18th century. |
|
| 942 |
_2lcc _cBK |
||